[Event "Corsica-ch"]
[Site "Bastia"]
[Date "2011.06.26"]
[Round "2.3"]
[White "Geronimi, Pierre Francois"]
[Black "Bicchierai, Gregory"]
[Result "1/2-1/2"]
[WhiteElo "2014"]
[BlackElo "2121"]
[PlyCount "81"]
[EventDate "2011.06.25"]
[EventType "tourn"]
[EventRounds "7"]
[EventCountry "FRA"]
[SourceTitle "EXT 2012"]
[Source "ChessBase"]
[SourceDate "2011.11.24"]
[SourceVersion "1"]
[SourceVersionDate "2011.11.24"]
[SourceQuality "1"]

1. e4 e5 2. Nf3 Nc6 3. Bb5 Nge7 4. 0-0 g6 5. d4 exd4 6. Nxd4 Bg7 7. c3 0-0 8. Bg5 f6 9. Be3 d5 10. exd5 Nxd4 11. Qxd4 Nxd5 12. Rd1 c6 13. c4 f5 14. Qd2 cxb5 15. cxd5 f4 16. Bc5 Rf5 17. f3 b6 18. Bf2 Bb7 19. Nc3 b4 20. Ne2 Rxd5 21. Qc2 g5 22. Qb3 Kh8 23. Rxd5 Qxd5 24. Qxb4 Rd8 25. Nc3 Qd6 26. Qa4 a6 27. Re1 h6 28. Qb3 b5 29. Qf7 Ba8 30. Re6 Qf8 31. Qxf8+ Bxf8 32. Bb6 Rc8 33. Bd4+ Kg8 34. Rxa6 b4 35. Ne2 Bd5 36. b3 Rc2 37. Kf2 Bc6 38. Rb6 Bd5 39. Ra6 Bc6 40. Rb6 Bd5 41. Ra6 1/2-1/2

[Event "Corsica-ch playoff"]
[Site "Bastia"]
[Date "2011.06.05"]
[Round "1.2"]
[White "Bicchierai, Gregory"]
[Black "Utrera, Ludovic"]
[Result "0-1"]
[WhiteElo "2121"]
[BlackElo "1870"]
[PlyCount "48"]
[EventDate "2011.06.05"]
[EventType "k.o. (rapid)"]
[EventRounds "1"]
[EventCountry "FRA"]
[SourceTitle "EXT 2013"]
[Source "ChessBase"]
[SourceDate "2012.11.22"]
[SourceVersion "1"]
[SourceVersionDate "2012.11.22"]
[SourceQuality "1"]

1. Na3 e5 2. Rb1 Nc6 3. e3 d5 4. Bb5 Nf6 5. Nf3 Bd6 6. c4 0-0 7. cxd5 Nb4 8. d3 a6 9. Bc4 b5 10. Bb3 Nbxd5 11. h3 Bb7 12. 0-0 Ne7 13. Bd2 Ng6 14. Ba5 Qe7 15. Nc2 e4 16. dxe4 Nxe4 17. Ncd4 Ng5 18. Nf5 Nxf3+ 19. Qxf3 Qe5 20. Qg3 Qxf5 21. f4 Rfe8 22. Rbc1 Re7 23. Qf2 Rae8 24. g4 Qe4 0-1

[Event "Corsica-ch playoff"]
[Site "Bastia"]
[Date "2011.06.05"]
[Round "1.3"]
[White "Bicchierai, Gregory"]
[Black "Utrera, Ludovic"]
[Result "1-0"]
[WhiteElo "2121"]
[BlackElo "1870"]
[PlyCount "53"]
[EventDate "2011.06.05"]
[EventType "k.o. (rapid)"]
[EventRounds "1"]
[EventCountry "FRA"]
[SourceTitle "EXT 2013"]
[Source "ChessBase"]
[SourceDate "2012.11.22"]
[SourceVersion "1"]
[SourceVersionDate "2012.11.22"]
[SourceQuality "1"]

1. Na3 d5 2. Rb1 e5 3. b4 Nf6 4. c4 Bf5 5. d3 a5 6. b5 Bb4+ 7. Rxb4 axb4 8. Nc2 Qe7 9. Bd2 c5 10. cxd5 Rxa2 11. Ne3 Bd7 12. b6 0-0 13. Nf3 e4 14. Qb1 b3 15. dxe4 Nxe4 16. g3 b2 17. Qxa2 Nxd2 18. Nxd2 Na6 19. Qxb2 f5 20. Bg2 f4 21. gxf4 Rxf4 22. Qb3 Kh8 23. 0-0 Qg5 24. Nf3 Qg6 25. Qc2 Qf6 26. d6 Bc6 27. Rd1 1-0

[Event "Corsica-ch playoff"]
[Site "Bastia"]
[Date "2011.06.05"]
[Round "1.1"]
[White "Utrera, Ludovic"]
[Black "Bicchierai, Gregory"]
[Result "0-1"]
[WhiteElo "1870"]
[BlackElo "2121"]
[PlyCount "88"]
[EventDate "2011.06.05"]
[EventType "k.o. (rapid)"]
[EventRounds "1"]
[EventCountry "FRA"]
[SourceTitle "EXT 2013"]
[Source "ChessBase"]
[SourceDate "2012.11.22"]
[SourceVersion "1"]
[SourceVersionDate "2012.11.22"]
[SourceQuality "1"]

1. e4 c6 2. d4 e5 3. dxe5 Qa5+ 4. Nc3 Bb4 5. Bd2 Qxe5 6. Nf3 Qc7 7. Bc4 d6 8. h3 Nf6 9. Qe2 0-0 10. a3 Ba5 11. 0-0 Nbd7 12. b4 Bb6 13. Na4 Re8 14. Nxb6 axb6 15. Bd3 d5 16. e5 Nxe5 17. Bf4 Nxf3+ 18. Qxf3 Qe7 19. Bg5 Qe5 20. Bxf6 Qxf6 21. Qxf6 gxf6 22. Rfe1 Bd7 23. Kh2 h6 24. Kg3 Rxe1 25. Rxe1 Rxa3 26. Re7 Bf5 27. Rxb7 Bxd3 28. cxd3 Rxd3+ 29. Kf4 Rd4+ 30. Kf5 Rxb4 31. Kxf6 Rf4+ 32. Ke5 Re4+ 33. Kf5 b5 34. Rc7 Re6 35. f4 Kg7 36. g4 d4 37. h4 Rd6 38. g5 hxg5 39. fxg5 Rd5+ 40. Ke4 d3 41. h5 d2 42. g6 d1Q 43. Rxf7+ Kg8 44. h6 Qh1+ 0-1

[Event "Corsica-ch qual"]
[Site "Bastia"]
[Date "2011.06.04"]
[Round "1.4"]
[White "Bicchierai, Gregory"]
[Black "Utrera, Ludovic"]
[Result "1-0"]
[WhiteElo "2121"]
[BlackElo "1870"]
[PlyCount "75"]
[EventDate "2011.06.04"]
[EventType "match"]
[EventRounds "2"]
[EventCountry "FRA"]
[SourceTitle "EXT 2013"]
[Source "ChessBase"]
[SourceDate "2012.11.22"]
[SourceVersion "1"]
[SourceVersionDate "2012.11.22"]
[SourceQuality "1"]

1. c4 e5 2. g4 Nc6 3. a3 d5 4. Bg2 Bxg4 5. cxd5 Nd4 6. h3 Bf5 7. d3 Qd7 8. Nc3 Nf6 9. e3 Nb5 10. Nf3 Nxc3 11. bxc3 e4 12. Nd4 exd3 13. Nxf5 Qxf5 14. e4 Qe5 15. Qxd3 Bc5 16. 0-0 0-0 17. Kh1 Rad8 18. f4 Qh5 19. c4 Qh4 20. Bd2 Ng4 21. Qf3 Nh6 22. Bc3 Rfe8 23. Rab1 Rd6 24. a4 b6 25. e5 Rdd8 26. Be1 Qe7 27. Qh5 Qd7 28. Be4 Qxa4 29. Bd3 Bf8 30. e6 fxe6 31. Rg1 Nf5 32. Bh4 Be7 33. Rxg7+ Nxg7 34. Qxh7+ Kf8 35. Rg1 Bg5 36. Bxg5 Nf5 37. Bh6+ Nxh6 38. Qg7# 1-0

[Event "Porticcio op 12th"]
[Site "Porticcio"]
[Date "2010.04.04"]
[Round "5"]
[White "Bicchierai, Gregory"]
[Black "Migheli, Gabriel"]
[Result "1-0"]
[WhiteElo "2123"]
[BlackElo "1863"]
[PlyCount "49"]
[EventDate "2010.04.01"]
[EventType "swiss"]
[EventRounds "9"]
[EventCountry "FRA"]
[SourceTitle "EXT 2012"]
[Source "ChessBase"]
[SourceDate "2011.11.24"]
[SourceVersion "1"]
[SourceVersionDate "2011.11.24"]
[SourceQuality "1"]

1. e4 e6 2. d4 d5 3. Nd2 a6 4. Ngf3 c5 5. Bd3 cxd4 6. Nxd4 Nc6 7. Nxc6 bxc6 8. 0-0 Bc5 9. b3 Nf6 10. Bb2 Qc7 11. Qe2 h5 12. h3 Ba7 13. c4 Bb8 14. f4 Ba7+ 15. Kh1 Bb7 16. Rac1 Qb6 17. c5 Qc7 18. e5 Nd7 19. b4 Bb8 20. Nf3 a5 21. b5 cxb5 22. c6 Bxc6 23. Bxb5 Bxb5 24. Rxc7 Bxe2 25. Rc8+ 1-0

[Event "Quenza op 1st"]
[Site "Quenza"]
[Date "2009.07.12"]
[Round "5"]
[White "Bicchierai, Gregory"]
[Black "Humeau, Cyril"]
[Result "1/2-1/2"]
[WhiteElo "2111"]
[BlackElo "2177"]
[PlyCount "53"]
[EventDate "2009.07.12"]
[EventType "rapid"]
[EventRounds "9"]
[EventCountry "FRA"]
[SourceTitle "EXT 2010"]
[Source "ChessBase"]
[SourceDate "2010.11.25"]
[SourceVersion "1"]
[SourceVersionDate "2010.11.25"]
[SourceQuality "1"]

1. d4 d5 2. Nf3 Nf6 3. c4 e6 4. Bg5 Be7 5. Nc3 h6 6. Bh4 0-0 7. e3 Ne4 8. Bxe7 Qxe7 9. Rc1 Nxc3 10. Rxc3 dxc4 11. Rxc4 b6 12. Qc2 c6 13. Ne5 Bb7 14. Be2 Rc8 15. Bf3 Na6 16. 0-0 c5 17. Be4 Bxe4 18. Qxe4 Re8 19. Rfc1 Rab8 20. Qf3 Qb7 21. Qf4 cxd4 22. Rc7 Nxc7 23. Qxf7+ Kh7 24. Qg6+ Kg8 25. Qf7+ Kh7 26. Qg6+ Kg8 27. Qf7+ 1/2-1/2

[Event "Corsica-ch"]
[Site "Corsica"]
[Date "2009.06.29"]
[Round "?"]
[White "Vilaisarn, Akkhavanh"]
[Black "Bicchierai, Gregory"]
[Result "1/2-1/2"]
[WhiteElo "2290"]
[BlackElo "2093"]
[PlyCount "93"]
[EventDate "2009.06.27"]
[EventType "tourn"]
[EventRounds "7"]
[EventCountry "FRA"]
[SourceTitle "EXT 2010"]
[Source "ChessBase"]
[SourceDate "2010.11.25"]
[SourceVersion "1"]
[SourceVersionDate "2010.11.25"]
[SourceQuality "1"]

1. d4 Nf6 2. Bf4 g6 3. e3 Bg7 4. Nf3 0-0 5. Be2 d6 6. h3 c5 7. c3 b6 8. 0-0 Bb7 9. a4 a6 10. Nbd2 Nbd7 11. Qb1 Qc7 12. Bg5 h6 13. Bh4 e5 14. dxe5 dxe5 15. Bc4 e4 16. Bg3 Qc6 17. Ne5 Nxe5 18. Bxe5 Rfe8 19. Bg3 b5 20. axb5 axb5 21. Rxa8 Rxa8 22. Be2 c4 23. Rd1 Nd7 24. Qxe4 Qxe4 25. Nxe4 Bxe4 26. Rxd7 Ra1+ 27. Kh2 Ra2 28. Re7 Bd5 29. e4 Be6 30. Bg4 Bxg4 31. Re8+ Kh7 32. hxg4 Rxb2 33. e5 g5 34. Rb8 b4 35. cxb4 c3 36. Rc8 Rxb4 37. Rxc3 Rxg4 38. Re3 Rb4 39. e6 fxe6 40. Rxe6 Ra4 41. f3 Rb4 42. Be5 Bxe5+ 43. Rxe5 Kg6 44. Re6+ Kg7 45. Re7+ Kg6 46. Re6+ Kg7 47. Re7+ 1/2-1/2

[Event "Corsica-ch qual"]
[Site "Corsica"]
[Date "2009.06.14"]
[Round "?"]
[White "Utrera, Ludovic"]
[Black "Bicchierai, Gregory"]
[Result "0-1"]
[WhiteElo "1809"]
[BlackElo "2093"]
[PlyCount "65"]
[EventDate "2009.06.13"]
[EventType "match"]
[EventRounds "2"]
[EventCountry "FRA"]
[SourceTitle "EXT 2010"]
[Source "ChessBase"]
[SourceDate "2010.11.25"]
[SourceVersion "1"]
[SourceVersionDate "2010.11.25"]
[SourceQuality "1"]

1. e4 g5 2. d4 Bg7 3. Bxg5 c5 4. Be3 Nc6 5. Nf3 Qb6 6. Nc3 cxd4 7. Nd5 Qc5 8. Bd2 Qd6 9. Bc4 e6 10. Bf4 Ne5 11. Nxe5 Bxe5 12. Bxe5 Qxe5 13. 0-0 exd5 14. exd5 Kf8 15. Re1 Qf6 16. Qh5 d6 17. Bb5 Bf5 18. Re2 Nh6 19. h3 Rg8 20. Kh2 Qg5 21. Qxg5 Rxg5 22. g4 Be6 23. f4 Rxd5 24. Bc4 Rc5 25. Bxe6 fxe6 26. Rxe6 Nf7 27. Re2 Rac8 28. Kg3 Rxc2 29. Re4 d3 30. Rd1 d2 31. Re2 Rxb2 32. Rdxd2 Rxd2 33. Rxd2 0-1

[Event "Corsica-ch qual"]
[Site "Corsica"]
[Date "2009.06.13"]
[Round "?"]
[White "Bicchierai, Gregory"]
[Black "Utrera, Ludovic"]
[Result "1-0"]
[WhiteElo "2093"]
[BlackElo "1809"]
[PlyCount "107"]
[EventDate "2009.06.13"]
[EventType "match"]
[EventRounds "2"]
[EventCountry "FRA"]
[SourceTitle "EXT 2010"]
[Source "ChessBase"]
[SourceDate "2010.11.25"]
[SourceVersion "1"]
[SourceVersionDate "2010.11.25"]
[SourceQuality "1"]

1. e4 c5 2. g4 e6 3. Nc3 Nc6 4. Bg2 Rb8 5. d3 b5 6. Bf4 d6 7. h4 e5 8. Be3 Qa5 9. Kf1 Nge7 10. h5 b4 11. Nb1 Be6 12. Nd2 Qb5 13. Nh3 h6 14. f4 f6 15. Kg1 Nd4 16. Bf2 Qd7 17. f5 Bf7 18. Kh2 d5 19. c3 bxc3 20. bxc3 Nb5 21. Rb1 Nc6 22. exd5 Nd8 23. Qa4 Bd6 24. Ne4 Bc7 25. c4 Nd4 26. Qxd7+ Kxd7 27. Rxb8 Bxb8 28. Nxc5+ Ke7 29. Rb1 Bc7 30. Na6 Kd7 31. Nxc7 Kxc7 32. c5 Re8 33. Be4 Ne2 34. d6+ Kd7 35. Rb8 Nc3 36. Ra8 Nc6 37. Bxc6+ Kxc6 38. Rxa7 Bg8 39. Rc7+ Kd5 40. d7 Rd8 41. Rc8 Rxd7 42. Rxg8 Nxa2 43. Be3 Nb4 44. Nf2 Nxd3 45. Nxd3 Ke4 46. c6 Rxd3 47. c7 Rc3 48. Bb6 Kf3 49. c8Q Rxc8 50. Rxc8 Kxg4 51. Rg8 Kxf5 52. Rxg7 Kf4 53. Rg6 f5 54. Bc7 1-0

[Event "Corsica-chT"]
[Site "Ajaccio"]
[Date "2009.03.16"]
[Round "2.2"]
[White "Geronimi, Didier"]
[Black "Bicchierai, Gregory"]
[Result "0-1"]
[WhiteElo "1743"]
[BlackElo "2090"]
[PlyCount "42"]
[EventDate "2009.03.15"]
[EventType "team-tourn"]
[EventRounds "9"]
[EventCountry "FRA"]
[SourceTitle "EXT 2010"]
[Source "ChessBase"]
[SourceDate "2010.11.25"]
[SourceVersion "1"]
[SourceVersionDate "2010.11.25"]
[SourceQuality "1"]
[WhiteTeam "Corsica CC II"]
[BlackTeam "Ajaccien CC"]
[WhiteTeamCountry "FRA"]
[BlackTeamCountry "FRA"]

1. e4 e5 2. Bc4 Nf6 3. d4 b5 4. dxe5 bxc4 5. exf6 Qxf6 6. Qd5 Nc6 7. Qxc4 Qg6 8. g3 Be7 9. Nc3 Nb4 10. Nd5 Nxd5 11. Qxd5 Rb8 12. Qf5 Qc6 13. c3 Rb5 14. Qg4 f5 15. Qxg7 Qxe4+ 16. Be3 Rf8 17. Qxh7 Qxh1 18. Qh5+ Kd8 19. 0-0-0 Qe4 20. Nf3 Qg4 21. Qxg4 fxg4 0-1

[Event "Corsica-ch"]
[Site "Corsica"]
[Date "2008.06.14"]
[Round "3"]
[White "Humeau, Cyril"]
[Black "Bicchierai, Gregory"]
[Result "1-0"]
[WhiteElo "2148"]
[BlackElo "2093"]
[PlyCount "35"]
[EventDate "2008.05.31"]
[EventType "swiss"]
[EventRounds "9"]
[EventCountry "FRA"]
[SourceTitle "EXT 2009"]
[Source "ChessBase"]
[SourceDate "2008.11.26"]
[SourceVersion "1"]
[SourceVersionDate "2008.11.26"]
[SourceQuality "1"]

1. e4 e6 2. d4 c5 3. c3 Nf6 4. e5 Nd5 5. Bc4 cxd4 6. Bxd5 exd5 7. Qxd4 Qa5 8. Bf4 Nc6 9. Qd2 b6 10. Ne2 Ba6 11. 0-0 d4 12. Rd1 d3 13. Nc1 Be7 14. Nxd3 Qd5 15. b3 Bb7 16. c4 Qe6 17. Nc3 Nd4 18. Ne1 1-0

[Event "Porticcio op 9th"]
[Site "Porticcio"]
[Date "2008.05.11"]
[Round "?"]
[White "Bicchierai, Gregory"]
[Black "Luciani, Jean Francois"]
[Result "1-0"]
[WhiteElo "2093"]
[BlackElo "1750"]
[PlyCount "51"]
[EventDate "2008.05.09"]
[EventType "swiss"]
[EventRounds "11"]
[EventCountry "FRA"]
[SourceTitle "CBM 124 Extra"]
[Source "ChessBase"]
[SourceDate "2008.07.03"]
[SourceVersion "1"]
[SourceVersionDate "2008.07.03"]
[SourceQuality "1"]

1. e4 c5 2. a3 Nc6 3. b4 cxb4 4. axb4 Nxb4 5. c3 Nc6 6. d4 d6 7. f4 Nf6 8. Nf3 e6 9. Bd3 Be7 10. 0-0 Qc7 11. Na3 a6 12. Nb5 Qb8 13. Nxd6+ Bxd6 14. e5 Be7 15. exf6 Bxf6 16. Ne5 Nxe5 17. fxe5 Be7 18. Qf3 0-0 19. Bh6 f5 20. Qg3 Rf7 21. Rxf5 exf5 22. Bc4 g6 23. Bf4 Qa7 24. Qh3 h5 25. Qg3 Bd8 26. Qxg6+ 1-0

[Event "Porticcio op 9th"]
[Site "Porticcio"]
[Date "2008.05.09"]
[Round "?"]
[White "Bicchierai, Gregory"]
[Black "Massoni, Michael"]
[Result "1/2-1/2"]
[WhiteElo "2093"]
[BlackElo "2176"]
[PlyCount "72"]
[EventDate "2008.05.09"]
[EventType "swiss"]
[EventRounds "11"]
[EventCountry "FRA"]
[SourceTitle "CBM 124 Extra"]
[Source "ChessBase"]
[SourceDate "2008.07.03"]
[SourceVersion "1"]
[SourceVersionDate "2008.07.03"]
[SourceQuality "1"]

1. Nf3 Nf6 2. c4 g6 3. Nc3 d5 4. cxd5 Nxd5 5. Qa4+ Bd7 6. Qh4 Nxc3 7. dxc3 Bg7 8. Bh6 Bf6 9. Qg3 Nc6 10. e4 e5 11. Bc4 Qe7 12. Bd5 Na5 13. a4 c6 14. Ba2 Be6 15. Bxe6 Qxe6 16. 0-0 Nb3 17. Ra3 Nc5 18. Re1 Nd3 19. Re2 0-0-0 20. Ne1 Nxe1 21. Rxe1 Be7 22. Raa1 g5 23. Bg7 Rhe8 24. Bxe5 Rd2 25. Bb8 Bd6 26. Bxd6 Qxd6 27. Qxg5 Rxb2 28. Qf5+ Qe6 29. Qxh7 Rd8 30. Qf5 Rdd2 31. Qxe6+ fxe6 32. Rf1 Rbc2 33. Rac1 Ra2 34. Ra1 Rac2 35. Rac1 Ra2 36. Ra1 Rac2 1/2-1/2

[Event "Corsica-ch"]
[Site "Bastia"]
[Date "2007.07.15"]
[Round "3.2"]
[White "Have, Didier"]
[Black "Bicchierai, Gregory"]
[Result "0-1"]
[WhiteElo "1932"]
[BlackElo "2064"]
[PlyCount "128"]
[EventDate "2007.06.02"]
[EventType "k.o."]
[EventRounds "4"]
[EventCountry "FRA"]
[SourceTitle "CBM 119 Extra"]
[Source "ChessBase"]
[SourceDate "2007.09.04"]
[SourceVersion "1"]
[SourceVersionDate "2007.09.04"]
[SourceQuality "1"]

1. e4 e6 2. d3 d5 3. Nd2 Nf6 4. Ngf3 Nc6 5. g3 dxe4 6. dxe4 e5 7. Bg2 Bc5 8. 0-0 0-0 9. c3 a5 10. Qc2 b6 11. Nc4 Ba6 12. Rd1 Bxc4 13. Rxd8 Raxd8 14. Bf1 Bxf1 15. Kxf1 Ng4 16. Qe2 Nxf2 17. Bd2 Nd3 18. Kg2 Be7 19. Be3 Rd7 20. Ne1 Nxe1+ 21. Rxe1 Rfd8 22. Qb5 Rd6 23. Rf1 Bf6 24. Qc4 R8d7 25. h4 Nd8 26. Rf5 g6 27. Rf2 Bg7 28. Qf1 Ne6 29. Qc4 Rd3 30. Rf3 h5 31. Qc6 R3d6 32. Qc4 Rd3 33. Qc6 R3d6 34. Qc4 Rd3 35. Qc6 R3d6 36. Qb5 Rd1 37. a3 R1d6 38. b4 axb4 39. axb4 Rd8 40. Rf2 Rd3 41. Bd4 Rd1 42. Bxe5 c6 43. Qxc6 Bxe5 44. Qxb6 Bxc3 45. Qb7 R1d7 46. Qb5 Rd2 47. Rxd2 Rxd2+ 48. Kf1 Rd4 49. Qb8+ Rd8 50. Qb7 Be5 51. Kf2 Rb8 52. Qe7 Kg7 53. Kg2 Bf6 54. Qd6 Rd8 55. Qc6 Rd2+ 56. Kf1 Be5 57. b5 Rd3 58. b6 Rd1+ 59. Kf2 Rd6 60. Qb5 Bd4+ 61. Kg2 Rxb6 62. Qd5 Rb2+ 63. Kh3 Re2 64. g4 Nf4+ 0-1

[Event "Corsica-ch"]
[Site "Bastia"]
[Date "2007.06.03"]
[Round "2.2"]
[White "Bicchierai, Gregory"]
[Black "Humeau, Cyril"]
[Result "1-0"]
[WhiteElo "2065"]
[BlackElo "2162"]
[PlyCount "33"]
[EventDate "2007.06.02"]
[EventType "k.o."]
[EventRounds "4"]
[EventCountry "FRA"]
[SourceTitle "CBM 119 Extra"]
[Source "ChessBase"]
[SourceDate "2007.09.04"]
[SourceVersion "1"]
[SourceVersionDate "2007.09.04"]
[SourceQuality "1"]

1. d4 Nf6 2. Nf3 d5 3. c4 e6 4. e3 dxc4 5. Bxc4 a6 6. 0-0 c5 7. e4 Nxe4 8. d5 exd5 9. Bxd5 Nd6 10. Re1+ Be7 11. Bg5 f6 12. Bf4 Nf7 13. Nc3 Nc6 14. Qb3 0-0 15. Rad1 Bd7 16. Bxc6 bxc6 17. Qb7 1-0

[Event "Corsica-ch"]
[Site "Bastia"]
[Date "2007.06.03"]
[Round "2.1"]
[White "Humeau, Cyril"]
[Black "Bicchierai, Gregory"]
[Result "1/2-1/2"]
[WhiteElo "2162"]
[BlackElo "2065"]
[PlyCount "103"]
[EventDate "2007.06.02"]
[EventType "k.o."]
[EventRounds "4"]
[EventCountry "FRA"]
[SourceTitle "CBM 119 Extra"]
[Source "ChessBase"]
[SourceDate "2007.09.04"]
[SourceVersion "1"]
[SourceVersionDate "2007.09.04"]
[SourceQuality "1"]

1. e4 e5 2. Nf3 Nc6 3. d4 exd4 4. Nxd4 Bc5 5. Nxc6 Qf6 6. Qf3 bxc6 7. Nd2 d6 8. Bc4 Qxf3 9. gxf3 Ne7 10. Nb3 Bb6 11. Be3 Be6 12. Bxe6 fxe6 13. Rg1 0-0 14. Ke2 Ng6 15. Rad1 e5 16. c4 Bxe3 17. fxe3 a5 18. Nd2 Rab8 19. Rb1 c5 20. Rgc1 Ne7 21. b3 Rf6 22. Rg1 Rh6 23. Rg2 Ng6 24. Rf2 Rh3 25. Rg1 Rf8 26. Rg3 Rxg3 27. hxg3 a4 28. Rf1 axb3 29. axb3 Ra8 30. Rb1 Nf8 31. Kd3 Kf7 32. Kc3 h5 33. Rh1 g6 34. Kb2 Ne6 35. Rh2 Rh8 36. Kc3 g5 37. Rh1 h4 38. Kd3 hxg3 39. Rg1 Rh3 40. Nf1 g2 41. Nd2 g4 42. Ke2 gxf3+ 43. Nxf3 Rh1 44. Kf2 Rxg1 45. Kxg1 Kg6 46. Kxg2 Ng5 47. Nxg5 Kxg5 48. Kg3 c6 49. Kh3 Kh5 50. Kg3 Kg5 51. Kh3 Kh5 52. Kg3 1/2-1/2

[Event "Corsica-ch"]
[Site "Bastia"]
[Date "2007.06.02"]
[Round "1.1"]
[White "Bicchierai, Gregory"]
[Black "Battesti, Saveriu"]
[Result "1-0"]
[WhiteElo "2065"]
[BlackElo "1913"]
[PlyCount "93"]
[EventDate "2007.06.02"]
[EventType "k.o."]
[EventRounds "4"]
[EventCountry "FRA"]
[SourceTitle "CBM 119 Extra"]
[Source "ChessBase"]
[SourceDate "2007.09.04"]
[SourceVersion "1"]
[SourceVersionDate "2007.09.04"]
[SourceQuality "1"]

1. d4 Nf6 2. c4 g6 3. Nc3 Bg7 4. e4 d6 5. Nf3 0-0 6. Be2 e5 7. Be3 Nc6 8. d5 Ne7 9. Nd2 Ne8 10. c5 f5 11. f3 f4 12. Bf2 g5 13. Nc4 Ng6 14. cxd6 Nxd6 15. Nxd6 cxd6 16. Rc1 Nh4 17. Rg1 Bd7 18. Qb3 g4 19. Qxb7 Rb8 20. Qxa7 g3 21. hxg3 fxg3 22. Be3 Rxb2 23. a4 Bh3 24. gxh3 Rxf3 25. Bxf3 Nxf3+ 26. Kd1 Nxg1 27. Bxg1 Qf8 28. Qa6 Qf3+ 29. Ke1 Qg2 30. Ne2 Rxe2+ 31. Qxe2 Qxg1+ 32. Qf1 Qe3+ 33. Kd1 Qd4+ 34. Kc2 Qxe4+ 35. Kb3 Qf4 36. a5 g2 37. Rc8+ Kf7 38. Qxg2 Qe3+ 39. Rc3 Qa7 40. Qf1+ Ke7 41. Qb5 Qg1 42. Qb7+ Kf6 43. Rf3+ Kg6 44. Qf7+ Kh6 45. Qe6+ Kh5 46. Rf5+ Kh4 47. Qe7+ 1-0

[Event "Porticcio op 6th"]
[Site "Porticcio"]
[Date "2005.03.??"]
[Round "3"]
[White "Bicchierai, Gregory"]
[Black "Bigonnet, Jean Michel"]
[Result "1-0"]
[WhiteElo "2092"]
[BlackElo "1520"]
[PlyCount "61"]
[EventDate "2005.03.??"]
[EventType "swiss"]
[EventRounds "7"]
[EventCountry "FRA"]
[SourceTitle "EXT 2007"]
[Source "ChessBase"]
[SourceDate "2006.11.23"]
[SourceVersion "1"]
[SourceVersionDate "2006.11.23"]
[SourceQuality "1"]

1. e4 c5 2. Nf3 Nc6 3. d4 cxd4 4. Nxd4 Nf6 5. Nc3 e5 6. Ndb5 d6 7. Bg5 a6 8. Na3 b5 9. Nd5 Be7 10. Bxf6 Bxf6 11. c3 Be6 12. Nc2 Bxd5 13. exd5 Ne7 14. a4 bxa4 15. Rxa4 Qc8 16. Ne3 Qb7 17. Rb4 Qc8 18. Qa4+ Kf8 19. Rb6 a5 20. Rxd6 Qc7 21. Rd7 Qb6 22. Nc4 Qc5 23. b4 Qc8 24. bxa5 Qe8 25. Nb6 Rd8 26. Bb5 Rb8 27. Rd6 Nc6 28. Bxc6 Qe7 29. Rd7 Qc5 30. Qb4 Qxb4 31. cxb4 1-0

[Event "Porticcio op 6th"]
[Site "Porticcio"]
[Date "2005.03.??"]
[Round "1"]
[White "Bicchierai, Gregory"]
[Black "Luciani, Jean Francois"]
[Result "1-0"]
[WhiteElo "2092"]
[BlackElo "1750"]
[PlyCount "93"]
[EventDate "2005.03.??"]
[EventType "swiss"]
[EventRounds "7"]
[EventCountry "FRA"]
[SourceTitle "EXT 2007"]
[Source "ChessBase"]
[SourceDate "2006.11.23"]
[SourceVersion "1"]
[SourceVersionDate "2006.11.23"]
[SourceQuality "1"]

1. e4 c5 2. Nf3 Nc6 3. d4 cxd4 4. Nxd4 Nf6 5. Nc3 d6 6. Bg5 e6 7. Qd2 Be7 8. 0-0-0 a6 9. f3 Bd7 10. g4 b5 11. h4 Qc7 12. Kb1 Rc8 13. Bxf6 gxf6 14. Bxb5 axb5 15. Ndxb5 Qb8 16. Nxd6+ Bxd6 17. Qxd6 Qxd6 18. Rxd6 Ke7 19. Rhd1 Rhd8 20. f4 Be8 21. Rxd8 Rxd8 22. Rxd8 Kxd8 23. a4 Nd4 24. b4 Kc7 25. Kb2 Kb6 26. g5 fxg5 27. hxg5 Bc6 28. Kc1 Bb7 29. Kd2 Ba6 30. e5 Bb7 31. Kd3 Nc6 32. a5+ Kc7 33. Kc4 Ne7 34. Nb5+ Kb8 35. Kc5 Ng6 36. Nd6 Nxf4 37. b5 Nd5 38. c4 Ne7 39. a6 Bf3 40. Kb6 Ka8 41. Kc7 Ka7 42. Kd7 Nf5 43. Nc8+ Kb8 44. c5 Be2 45. a7+ Ka8 46. b6 Bf3 47. c6 1-0

[Event "Corsica CC-B"]
[Site "Corsica"]
[Date "2004.08.07"]
[Round "7"]
[White "Bicchierai, Gregory"]
[Black "Costa, Pierre Mathieu"]
[Result "1-0"]
[WhiteElo "2096"]
[BlackElo "1958"]
[PlyCount "77"]
[EventDate "2004.08.01"]
[EventType "tourn"]
[EventRounds "9"]
[EventCountry "FRA"]
[SourceTitle "EXT 2008"]
[Source "ChessBase"]
[SourceDate "2007.11.25"]
[SourceVersion "1"]
[SourceVersionDate "2007.11.25"]
[SourceQuality "1"]

1. e4 e6 2. d4 d5 3. Nc3 Bb4 4. e5 c5 5. a3 Bxc3+ 6. bxc3 Qc7 7. Nf3 b6 8. Bb5+ Nc6 9. a4 a5 10. dxc5 bxc5 11. Ba3 Bd7 12. Qe2 c4 13. Bd6 Qa7 14. Bxc6 Bxc6 15. Nd4 Qd7 16. 0-0 Ne7 17. Qg4 Rg8 18. Bxe7 Kxe7 19. f4 Qa7 20. f5 Bd7 21. Qh4+ Kf8 22. f6 g6 23. Qh6+ Ke8 24. Qxh7 Rf8 25. Qh6 Rb8 26. Rfb1 Rxb1+ 27. Rxb1 Qc7 28. Qc1 Kd8 29. Qa3 Re8 30. Nf3 Kc8 31. Ng5 Bc6 32. Nxf7 Qxf7 33. Qc5 Qc7 34. f7 Bxa4 35. f8Q Rxf8 36. Qxf8+ Kd7 37. Qf7+ Kd8 38. Qxe6 Qa7+ 39. Kh1 1-0

[Event "Corsica Hotels Masters"]
[Site "Bastia"]
[Date "2004.04.27"]
[Round "2"]
[White "Bicchierai, Gregory"]
[Black "Skembris, Spyridon"]
[Result "0-1"]
[WhiteElo "2104"]
[BlackElo "2439"]
[PlyCount "118"]
[EventDate "2004.04.26"]
[EventType "tourn"]
[EventRounds "9"]
[EventCountry "FRA"]
[EventCategory "2"]
[SourceTitle "CBM 100 Extra"]
[Source "ChessBase"]
[SourceDate "2004.07.06"]
[SourceVersion "2"]
[SourceVersionDate "2004.07.06"]
[SourceQuality "1"]

1. Nf3 d5 2. d4 Nc6 3. c4 Bg4 4. Nc3 Bxf3 5. gxf3 e6 6. cxd5 exd5 7. e4 Bb4 8. a3 Bxc3+ 9. bxc3 Nge7 10. Rb1 Rb8 11. Bg5 Qd6 12. Bd3 Qxa3 13. Rb3 Qd6 14. e5 Qe6 15. 0-0 h6 16. Bf4 g5 17. Be3 f5 18. f4 Kd7 19. Re1 Rhg8 20. Kf1 a6 21. Qb1 b5 22. Ra3 Rb6 23. Ke2 gxf4 24. Bxf4 b4 25. Rxa6 Rxa6 26. Bxa6 Nxd4+ 27. cxd4 Qxa6+ 28. Kf3 Rg6 29. e6+ Rxe6 30. Rxe6 Qxe6 31. Qxb4 Qe4+ 32. Kg3 h5 33. h4 Nc6 34. Qb7 Nxd4 35. Qxc7+ Ke6 36. Qd6+ Kf7 37. Qd7+ Kg6 38. Qd6+ Qe6 39. Qxe6+ Nxe6 40. Be5 Kf7 41. Kf3 Ke7 42. Ke3 Kd7 43. Kd3 Kc6 44. Bb8 Kc5 45. Ba7+ Kd6 46. Bb8+ Kc6 47. f3 Kb5 48. Bd6 Kc6 49. Bb8 Kc5 50. Ba7+ Kd6 51. Bb8+ Kc6 52. Kc3 Kd7 53. Be5 Nf8 54. Kd4 Ke6 55. Bg3 Ng6 56. Ke3 f4+ 57. Bxf4 d4+ 58. Kxd4 Nxf4 59. Ke4 Ng2 0-1